T'untesel yu'un te ak'nopteswanej jun lumetik tzeltal : slumal tzeltal. [Cuaderno de trabajo].

Guardado en:
Bibliografiske detaljer
Institution som forfatter: Instituto Nacional para la Educación de los Adultos (INEA)
Andre forfattere: Ballinas Marín, David, [et al.] (autor) [et al.], (autor)
Format: Bog
Sprog:spansk
Fag:
Tags: Tilføj Tag
Ingen Tags, Vær først til at tagge denne postø!

MARC

LEADER 00000nam^a2200000^u^4500
001 000500547
005 20250521000000.0
008 071203s1000^^^^^^^^^^^^r^^^^^000^0^spa^d
009 20260310125745.783
035 |a FCE 000044716 
037 |a Acervo ITESO - Biblioteca 
041 |a tzeltal 
082 0 4 |a 374.012  |b INEA CUATRA TZE 
110 |a Instituto Nacional para la Educación de los Adultos (INEA) 
245 1 0 |a T'untesel yu'un te ak'nopteswanej jun lumetik tzeltal :  |b slumal tzeltal. [Cuaderno de trabajo]. 
264 |a México :  |b INEA, Dirección de Alfabetización, Delegación Chiapas,  |c 1988. 
300 |a 239 p. :  |b il., col. 
336 |a texto  |b txt  |2 rdacontenido 
337 |a sin mediación  |b n  |2 rdamedio 
338 |a volumen  |b nc  |2 rdasoporte 
649 |a XX 
650 |a Alfabetización 
650 |a Educación de adultos 
650 |a Lectura 
650 |a Escritura 
650 |a Enseñanza 
650 |a Estudio 
650 |a Libros de texto 
650 |a Tzeltal (Idioma) 
650 |a Chiapas, México 
650 |a Cuaderno de trabajo 
700 |a Ballinas Marín, David,  |e [et al.]  |e (autor) 
910 |a Fondo Centro de Estudios Educativos 
920 |a Impresos - Libros 
930 |a Fondos Especiales 
905 |a 133 
901 |a ALE051833  |b IT2  |c CEE  |u 20250521 
902 |a https://opac.biblio.iteso.mx/vufind/Record/000500547